| 000 | 00686cam a22002053a 4500 | ||
|---|---|---|---|
| 001 | 43956 | ||
| 003 | PGUSA | ||
| 005 | 20140828084012.0 | ||
| 008 | 131015s2013||||xxu|||||s|||||000 | eng d | ||
| 040 |
_aPGUSA _beng |
||
| 042 | _adc | ||
| 100 | 1 | _aAuguis, Pierre René | |
| 245 | 1 | 0 |
_aOeuvres complètes de Chamfort (Vol. 4/5) : _bRecueillies et publiées, avec une notice historique sur la vie et les écrits de l'auteur. _h[electronic resource] / _cPierre René Auguis |
| 260 |
_bProject Gutenberg, _c2013 |
||
| 506 | _aPublic domain in the USA. | ||
| 516 | _aElectronic text | ||
| 830 | 0 |
_aProject Gutenberg _v43956 |
|
| 856 | 4 | 0 | _uhttp://www.gutenberg.org/ebooks/43956 |
| 942 | _cEB | ||
| 999 |
_c273207 _d273207 |
||